Život nie je psina

Saved in:
Bibliographic Details
Main Author Crimi, Carolyn
Format Electronic eBook
LanguageCzech
Published Bambook SK 2024
Edition1. elektronické vydání
Subjects
Online AccessDostupné v BOOKPORT po přihlášení pomocí eduID
ISBN978-80-8090-794-5
978-80-8090-792-1
Physical Description1 online zdroj (248 stran)

Cover

LEADER 00000nam a2200000 i 4500
001 bkp100290
003 CZ-prgp
005 20240704111221.0
006 m o d
007 cr cn
008 240704s2024 xr o 000 0 cze
020 |a 978-80-8090-794-5  |c 351 Kč  |q (online ; epub) 
020 |a 978-80-8090-792-1  |c 412 Kč  |q (print) 
040 |a Grada  |b cze  |e rda 
100 1 |a Crimi, Carolyn 
245 1 0 |a Život nie je psina  |c Carolyn Crimi 
250 |a 1. elektronické vydání 
264 1 |b Bambook SK  |c 2024 
300 |a 1 online zdroj (248 stran) 
336 |a text  |b txt  |2 rdacontent 
337 |a počítač  |b c  |2 rdamedia 
338 |a online zdroj  |b cr  |2 rdacarrier 
520 3 |a Keď si odvážna Šarlota adoptuje Gusa, Romy, Tea a Pampúšika, zachráni tým nielen ich, ale aj seba, pomocníka Kevina a kocúra Džina, pričom spolu vytvoria jednu veľkú rodinu. Všetko sa však zmení, keď do ich svorky pribudne nový pes Degas. Pokúsi sa získať si srdce slečny Šarloty spolu s jej domovom, a budúcnosť svorky je zrazu vo vážnom ohrození! 
650 0 4 |a Dobrodružství, napětí, fantasy 
856 4 0 |u https://www.bookport.cz/AccountSaml/SignIn/?idp=https://shibboleth.utb.cz/idp/shibboleth&returnUrl=/kniha/zivot-nie-je-psina-12785/  |y Dostupné v BOOKPORT po přihlášení pomocí eduID